[Event "Val Maubuee op"]
[Site "Val Maubuee"]
[Date "1989.??.??"]
[Round "?"]
[White "Baudoin, Wilfrid"]
[Black "Miannay, Michel"]
[Result "1-0"]
[WhiteElo "1810"]
[BlackElo "1670"]
[PlyCount "123"]
[EventDate "1989.04.??"]
[EventType "swiss"]
[EventRounds "9"]
[EventCountry "FRA"]
[SourceTitle "TD"]
[Source "ChessBase"]
[SourceDate "1994.03.01"]
[SourceVersion "1"]
[SourceVersionDate "1994.03.01"]
[SourceQuality "1"]

1. e4 c5 2. Nf3 Nc6 3. d4 cxd4 4. Nxd4 Nf6 5. Nc3 d6 6. Be3 e6 7. Be2 Be7 8. 0-0 a6 9. a4 Qc7 10. f4 0-0 11. Kh1 Bd7 12. Bf3 Rac8 13. Qe2 Na5 14. Bf2 Nc4 15. Ra2 Rfe8 16. Be1 Nb6 17. a5 Nc4 18. Nb3 Bf8 19. Qd3 Bb5 20. Nxb5 axb5 21. Nc1 Ra8 22. Qc3 d5 23. e5 Nd7 24. Nd3 Rec8 25. Bf2 Qd8 26. Qe1 Nxa5 27. b3 Nc6 28. Rb2 b4 29. Qd2 Ra5 30. Rbb1 Nc5 31. Nb2 Qc7 32. Be3 Ne4 33. Bxe4 dxe4 34. Nc4 Rd5 35. Qf2 Rb5 36. Rbd1 Rd5 37. f5 Rxd1 38. Rxd1 Nxe5 39. Bf4 e3 40. Qe2 f6 41. fxe6 Qc6 42. Nxe5 fxe5 43. Bxe3 Qxe6 44. h3 b6 45. Rf1 Qg6 46. Qb5 Bc5 47. Qc4+ Kh8 48. Bxc5 bxc5 49. Qxc5 Qe8 50. Qxb4 e4 51. Re1 Rxc2 52. Qxe4 Qxe4 53. Rxe4 Kg8 54. Re7 Kf8 55. Rb7 Re2 56. Kg1 Re7 57. Rxe7 Kxe7 58. Kf2 Kd6 59. Ke2 Kc5 60. Kd2 Kb4 61. Kc2 g5 62. g4 1-0

[Event "Val Maubuee op"]
[Site "Val Maubuee"]
[Date "1989.??.??"]
[Round "?"]
[White "Zie, G."]
[Black "Baudoin, Wilfrid"]
[Result "0-1"]
[WhiteElo "1750"]
[BlackElo "1810"]
[PlyCount "52"]
[EventDate "1989.04.??"]
[EventType "swiss"]
[EventRounds "9"]
[EventCountry "FRA"]
[SourceTitle "TD"]
[Source "ChessBase"]
[SourceDate "1994.03.01"]
[SourceVersion "1"]
[SourceVersionDate "1994.03.01"]
[SourceQuality "1"]

1. c4 Nf6 2. Nc3 c5 3. Nf3 Nc6 4. g3 e6 5. Bg2 a6 6. 0-0 d6 7. d3 Be7 8. Rb1 0-0 9. a3 Rb8 10. b4 b5 11. bxc5 dxc5 12. cxb5 axb5 13. Nxb5 Ba6 14. a4 Nd5 15. e4 Nc7 16. Nxc7 Qxc7 17. Ba3 Rbd8 18. Rb3 Qa5 19. Qc2 Qxa4 20. Rd1 Rxd3 21. Rdxd3 Bxd3 22. Qxd3 c4 23. Qc3 Qxb3 24. Qxb3 cxb3 25. Bb2 Ra8 26. Nd2 Ra2 0-1